Maschilità senza uomini : saggi scelti /
I tiakina i:
| Kaituhi matua: | |
|---|---|
| Ētahi atu kaituhi: | |
| Hōputu: | Pukapuka |
| Reo: | Itāriana |
| I whakaputaina: |
Pisa :
ETS,
2010
|
| Rangatū: | Àltera ;
2 |
| Ngā marau: | |
| Ngā Tūtohu: |
Kāore He Tūtohu, Me noho koe te mea tuatahi ki te tūtohu i tēnei pūkete!
|
MARC
| LEADER | 00000nam a2200000 i 4500 | ||
|---|---|---|---|
| 001 | IT\ICCU\RAV\1929462 | ||
| 003 | ItRI | ||
| 005 | 20260115232107.0 | ||
| 008 | 101216s2010 it |||||| ||||| |||||c | ||
| 015 | |2 IT |a 2010-10555 | ||
| 020 | |a 9788846726667 | ||
| 040 | |b ita |c importazione bologna sebina | ||
| 041 | 7 | |a ita |2 ISO-639-2 | |
| 100 | 1 | |a Halberstam, Jack |0 IT\ICCU\UBOV\065256 | |
| 245 | 1 | 0 | |a Maschilità senza uomini : |b saggi scelti / |c Judith Halberstam ; a cura di Federica Frabetti. |
| 260 | |a Pisa : |b ETS, |c 2010 | ||
| 300 | |a 189 p. : |b ill. ; |c 22 cm | ||
| 650 | 7 | |a Omosessualità femminile | |
| 700 | 1 | |a Frabetti, Federica |0 IT\ICCU\RCAV\257551 | |
| 790 | 1 | |a Halberstam, J. Jack |3 IT\ICCU\UBOV\082134 |z Halberstam, Jack | |
| 790 | 1 | |a Halberstam, Judith |3 IT\ICCU\CFIV\362595 |z Halberstam, Jack | |
| 830 | 0 | |a Àltera ; |v 2 |0 IT\ICCU\CFI\0755998 | |
| 942 | |2 ddc |c BK |n 0 | ||
| 952 | |0 0 |1 0 |4 0 |6 L_305_489000000000000_HAL |7 0 |9 19941 |a BO |b BO |d 2026-01-15 |i 14593 |l 0 |o L 305.489 HAL |p BO14593 |r 2026-01-15 23:21:07 |w 2026-01-15 |x [Sebina 5] [1 v.] |y BK |z 1 v. | ||
| 999 | |c 17000 |d 17000 | ||